Latar belakang kebudayaan Cina

Bibliographic Details
Main Author: Wang Gungwu
Format: Book
Published: Kuala Lumpur : Dewan Bahasa Dan Pustaka , 1979
Subjects:

MARC

LEADER 00000cam a2200000 7i4500
001 0000008668
002 000009447
005 20000330.0
020 |a 73917640202 
090 0 0 |a 909.81   |b WAN 
100 0 |a Wang Gungwu   |f Dr 
245 1 0 |a Latar belakang kebudayaan Cina   |c Dr Wang Gungwu 
260 |a Kuala Lumpur :   |b Dewan Bahasa Dan Pustaka ,   |c 1979 
300 |a 75 p. ;   |c 19 cm. 
650 0 0 |a Chinese   |x Social life and customs 
999 |a 0003736   |b BUKU   |c PINJAMAN   |e PERPUSTAKAAN KOMUNITI PETALING JAYA